Legends of Indian silver screen : (Record no. 143990)

MARC details
000 -LEADER
fixed length control field 00596nam a22001697a 4500
005 - DATE AND TIME OF LATEST TRANSACTION
control field 20170904105632.0
010 ## - LCCN (DPL NO)
LC control number ENG-120203
020 ## - INTERNATIONAL STANDARD BOOK NUMBER
International Standard Book Number 9788123020396
Terms of availability 400.00
035 ## - SYSTEM CONTROL NUMBER
System control number EN-103735
037 ## - SOURCE OF ACQUISITION
Source of stock number/acquisition DBAD/PUB
082 ## - DEWEY DECIMAL CLASSIFICATION NUMBER
Classification number 791.4307954
245 ## - TITLE STATEMENT
Title Legends of Indian silver screen :
Remainder of title the winners of dadasaheb phalke award ( 1992-2014) /
260 ## - PUBLICATION, DISTRIBUTION, ETC. (IMPRINT)
Place of publication, distribution, etc New Delhi
Name of publisher, distributor, etc Publication Division
Date of publication, distribution, etc 2015
270 ## - ADDRESS
Address Ministry of Broadcasting Govt Of India Soochna Bhawan Lodhi Road
City New Delhi
Postal code 110003
300 ## - PHYSICAL DESCRIPTION
Extent vii,207p. :
Other physical details ill.
Dimensions 24cm(Hb)
942 ## - ADDED ENTRY ELEMENTS (KOHA)
Source of classification or shelving scheme Dewey Decimal Classification
Item type English Books
Classification part 791.4307954
Call number suffix LEG
Holdings
Withdrawn status Lost status Not for loan Collection code Home library Current library Date acquired Source of acquisition Cost, normal purchase price Full call number Barcode Copy number Cost, replacement price Koha item type
      Non-fiction Patel Nagar Patel Nagar 04/09/2017 DBAD/PUB 400.00 791.4307954 LEG EN-103735 1 400.00 English Books

© Delhi Public Library
Hit Counter
free hit counter